Wszystkie obwody w Federacji Rosyjskiej - Statystyki

Ogólne statystyki
  • Ten quiz został rozwiązany 9 razy
  • Średni wynik to 11 z 46
Statystyki odpowiedzi
Obwód Odpowiedź % Poprawnych
Obwód moskiewski
86%
Obwód Omski
57%
Obwód rostowski
57%
Obwód wołgogradzki
57%
Obwód Astrachański
43%
Obwód Irkucki
43%
Obwód królewiecki
43%
Obwód magadański
43%
Obwód murmański
43%
Obwód nowogrodzki
43%
Obwód nowosybirski
43%
Obwód smoleński
43%
Obwód tomski
43%
Obwód Amurski
29%
Obwód Archangielski
29%
Obwód kurski
29%
Obwód pskowski
29%
Obwód samarski
29%
Obwód twerski
29%
Obwód uljanowski
29%
Obwód woroneski
29%
Obwód Briański
14%
Obwód Czelabiński
14%
Obwód Iwanowski
14%
Obwód Jarosławski
14%
Obwód kałuski
14%
Obwód leningradzki
14%
Obwód niżnonowogrodzki
14%
Obwód orłowski
14%
Obwód sachaliński
14%
Obwód saratowski
14%
Obwód tiumeński
14%
Obwód tulski
14%
Obwód włodzimierski
14%
Obwód wołogodzki
14%
Obwód Biełgorodzki
0%
Obwód kirowski
0%
Obwód kostromski
0%
Obwód kurgański
0%
Obwód Kuzbas
0%
Obwód lipiecki
0%
Obwód orenburski
0%
Obwód penzeński
0%
Obwód riazański
0%
Obwód swierdłowski
0%
Obwód tambowski
0%
Nie znaleziono quizów pasujących do podanych kryteriów
Rozkład punktacji
Procent ludzi z każdym wynikiem
Percentyl według liczby udzielonych odpowiedzi
Twoja historia wyników
Nie rozwiązałeś tego quizu